American Dad Characters-Hard Mode - Statistics

General Stats
  • This quiz has been taken 534 times
    269 since last reset
  • The average score is 25 of 186
Answer Stats
Answer % Correct
Stan Smith
98%
Roger Smith
95%
Steve Smith
93%
Francine Smith
90%
Klaus Hiesler
84%
Hayley Smith
82%
Jeff Fischer
67%
Avery Bullock
61%
Snot Lonstein
53%
Barry Robinson
51%
Toshi Yoshida
51%
AJ Bullock
50%
Miriam Bullock
50%
Jack Smith
49%
Dick Reynolds
46%
Brian Lewis
41%
Ma Ma Ling
41%
Rogu
40%
Ba Ba Ling
39%
Janet Lewis
39%
Betty Smith
37%
Gwen Ling
37%
Rusty Smith
37%
Greg Corbin
34%
Terry Bates
34%
Jackson
33%
Glen Smith
28%
Nicholas smith
28%
Sooleawa'Uha Smith
28%
Al Tuttle
26%
Reginald
26%
Akiko Yoshida
24%
Qui-Lo
21%
Bill
20%
Debbie Hyman
20%
Duper
20%
Santa Claus
20%
Buckle
19%
Lisa Silver
19%
Hideki Yoshida
15%
Connie Robinson
14%
Hiko Yoshida
14%
Sharri
13%
Billy
12%
Chuck White
12%
Esther Lonstein
12%
Mertz
12%
Ray
12%
Ted Robinson
12%
Christie White
11%
Hooper
11%
James Garfield
11%
John Sanders
11%
Tom
11%
Vince Chung
11%
Jesus
10%
Krampus
10%
Sarah
10%
Aunt Karen
8%
Bob Memari
8%
Hank Bates
8%
Jim
8%
Linda Memari
8%
Alan Woodside
7%
Bad Larry
7%
Becky
7%
Danuta
7%
Diane
7%
Dr. Kalgary
7%
Dr. Weitzman
7%
Henry Fischer
7%
Jewel
7%
Lorraine
7%
Marshal
7%
Memphis Stormfront
7%
Raymond
7%
Sergei Kruglov
7%
Stiles
7%
A.J. Slick
6%
Aunt Jessie
6%
Cassandra Dawson
6%
Coach Andrews
6%
Cousin Janet
6%
Derrick
6%
Dr. Ray Petit
6%
Mr. Brink
6%
Nicholas Dawson
6%
Ricki
6%
Sllort
6%
Stelio Kontos
6%
Barney
5%
Billy Kloops
5%
Bob Crawley
5%
Clara
5%
Coach Keegan
5%
Coach Patterson
5%
Dorothy
5%
Eric
5%
Evan
5%
Father Donovan
5%
Frog Ross
5%
Gina
5%
James Hetfield
5%
Luis Ramirez
5%
Midget Assassin
5%
Millionaire Matt Davis
5%
Nat
5%
Nerfer
5%
Parker Deay
5%
Randy
5%
Reshma
5%
Robbie
5%
Rockin Ronnie
5%
Sinbad
5%
The Antichrist
5%
Tiglet
5%
Trish
5%
Whitey
5%
Yoyo
5%
Blanche
4%
Denise
4%
Dickie Dobbins
4%
Gässup E. Piyé
4%
Johnny Concussion
4%
Jurgen
4%
Manny
4%
Margie
4%
Mr. Fritz
4%
Pandora
4%
Sophia
4%
Suze
4%
Turlington
4%
Angie
3%
Big Ed
3%
Chad
3%
Del Monaco
3%
Delroy
3%
Dill Sheppard
3%
Gretchen Grossbard
3%
Jeff Watley
3%
Jerry Fields
3%
Jessica Raplansky
3%
Joe Chandler
3%
Mel
3%
Meredith Fields
3%
Michelle
3%
Miguel
3%
Miss Nadine
3%
Olman Hansen
3%
Sky Crooner
3%
Tanqueray
3%
The RB Burger Killer
3%
Barb Hanson
2%
Bobby the Bullet
2%
Bob-Todd Williams
2%
Brett Morris
2%
Captain Monty
2%
Coach Trey
2%
Colonel Withersby
2%
Daniella
2%
Filibuster Q. Jorgenson
2%
Fung Wah
2%
Judie Panowitz
2%
Koko
2%
Marguerite
2%
Petrucio
2%
Robert Wuhl
2%
Shoshanna
2%
Spitz
2%
Suckboy Tony
2%
The Majestic
2%
Tommie Tokes
2%
Vu
2%
Wilbur Kentucky
2%
Beauregard LeFontaigne
1%
Courtney
1%
Devon
1%
Emperor Zing
1%
Enzo Pierotti
1%
Lonnie Bolmenferg
1%
Mind Quad
1%
Roy Family
1%
The Babe
1%
Tony Pierotti
1%
Vance
1%
Zableer
1%
No matching quizzes found
Score Distribution
Percent of People with Each Score
Percentile by Number Answered
Your Score History
You have not taken this quiz since the last reset